Economía de las empresas públicas (Registro nro. 7778)

Detalles MARC
000 -LEADER
fixed length control field 00918 a2200289 4500
001 - CONTROL NUMBER
control field 62736
005 - DATE AND TIME OF LATEST TRANSACTION
control field 20260407155921.0
008 - FIXED-LENGTH DATA ELEMENTS--GENERAL INFORMATION
fixed length control field 260407a1990 arg spa d
003 - CONTROL NUMBER IDENTIFIER
control field AR-UNSa-BCEJYS
040 ## - CATALOGING SOURCE
Original cataloging agency AR-UNSa-BCEJYS
Language of cataloging spa
Transcribing agency AR-UNSa-BCEJYS
080 ## - UNIVERSAL DECIMAL CLASSIFICATION NUMBER
Universal Decimal Classification number 658.115
Common auxiliary subdivision Empresas públicas, estatales y nacionalizadas (Economía)
020 ## - INTERNATIONAL STANDARD BOOK NUMBER
International Standard Book Number 978-950-718-017-0
041 ## - LANGUAGE CODE
Language code of text/sound track or separate title spa
100 1# - MAIN ENTRY--PERSONAL NAME
Personal name Porto, Alberto
245 10 - TITLE STATEMENT
Title Economía de las empresas públicas
Name of part/section of a work Funcionamiento. Desregulación. Privatización
264 #1 - PRODUCTION, PUBLICATION, DISTRIBUTION, MANUFACTURE, AND COPYRIGHT NOTICE
Place of production, publication, distribution, manufacture Buenos Aires :
Name of producer, publisher, distributor, manufacturer Instituto Torcuato Di Tella
Date of production, publication, distribution, manufacture, or copyright notice 1990
300 ## - PHYSICAL DESCRIPTION
Extent xvii, 315 p.
Dimensions 20 cm.
590 ## - LOCAL NOTE (RLIN)
Local note niveau_biblio:m niveau_hierar:0
700 1# - ADDED ENTRY--PERSONAL NAME
Personal name Canavese, Alfredo Juan
700 1# - ADDED ENTRY--PERSONAL NAME
Personal name Gerchunoff, Pablo
700 1# - ADDED ENTRY--PERSONAL NAME
Personal name Heymann, Daniel
700 1# - ADDED ENTRY--PERSONAL NAME
Personal name Llach, Juan José
700 1# - ADDED ENTRY--PERSONAL NAME
Personal name Navajas, Fernando
700 1# - ADDED ENTRY--PERSONAL NAME
Personal name Piffano, Horacio L. P.
700 1# - ADDED ENTRY--PERSONAL NAME
Personal name Visintini, Alfredo
942 ## - ADDED ENTRY ELEMENTS (KOHA)
Koha item type
Existencias
Withdrawn status Lost status Damaged status Not for loan Home library Current library Shelving location Date acquired Total checkouts Full call number Barcode Date last seen Price effective from Koha item type
        Biblioteca Prof. Eusebio Cleto del Rey Biblioteca Prof. Eusebio Cleto del Rey   07/04/2026   658.115 P839 L58897 07/04/2026 07/04/2026 Libro